| 000 | 00643nam a22002177a 4500 | ||
|---|---|---|---|
| 003 | OSt | ||
| 005 | 20151202222608.0 | ||
| 008 | 140716b xxu||||| |||| 00| 0 eng d | ||
| 020 | _a 9780821388075 | ||
| 020 | _a97808211388075 | ||
| 040 | _cDDC | ||
| 082 |
_222nd ed. _a362.19 LUL 2012 _bL |
||
| 100 |
_aLule Elizabeth _9591 |
||
| 245 | _aThe fiscal dimension of HIV/AIDS in Botswana, South africa, Swaziland and Uganda | ||
| 260 |
_aWashington DC: _bWorld bank, _c2012 |
||
| 300 |
_axvi,292p; _bill: _c25.5cm |
||
| 504 | _aReferences, & index included | ||
| 650 |
_aAIDS-Poverty _9592 |
||
| 700 |
_aHaacker, Markus _9593 |
||
| 942 |
_2ddc _cB_BANK |
||
| 999 |
_c226 _d226 |
||